Statistics for Every Barenaked Ladies song that hit the Billboard hot 100

Click here to take the quiz!

General Stats

  • This quiz has been taken 21 times
  • The average score is 3 of 7

Answer Stats

Peak Chart PositionYearSong% Correct
11998One Week
100%
152000Pinch Me
69%
681998Brian Wilson
69%
881997The Old Apartment
38%
441999It's All Been Done
31%
822003Another Postcard (Chimps)
25%
862001Too Little Too Late
6%

Score Distribution

Percentile by Number Answered

Percent of People with Each Score

Your Score History

You have not taken this quiz